000 00462cam a2200181ua 4500
001 718
008 110413n ii |||gr||||Z||||||eng
040 _cMAIN
082 _a320.3
245 _aComparative government.
_cBy Jogendra Nath Barman.
250 _a1st.
260 _aKokrajhar.:
_bBina library.,967.
300 _a390 p.:
_c20 cm.
653 _aPolitical science.
653 _aComparative government.
700 1 _aBarman, Jogendra Nath.,
942 _cBK
999 _c645
_d645